Paulo Freire e a agenda da educaçâo Latino - Americana no século XXI /
Guardado en:
| Hovedforfatter: | |
|---|---|
| Autores Corporativos: | , |
| Andre forfattere: | |
| Format: | Texto |
| Udgivet: |
Buenos Aires:
CLACSO
|
| Tags: |
Tilføj Tag
Ingen Tags, Vær først til at tagge denne postø!
|
MARC
| LEADER | 00000 a a2200000 04500 | ||
|---|---|---|---|
| 001 | 26735 | ||
| 003 | |||
| 040 | |||
| 020 | |a 950-9231-63-0 | ||
| 090 | |a 149605 | ||
| 100 | |a Torres, Carlos Alberto | ||
| 110 | |a CLACSO | ||
| 245 | |a Paulo Freire e a agenda da educaçâo Latino - Americana no século XXI / |c CLACSO | ||
| 260 | |a Buenos Aires: |b CLACSO | ||
| 300 | |a 358 p | ||
| 500 | |a Disponioble en Cd, en No. 194116 | ||
| 700 | |a org | ||
| 710 | |a Agencia Sueca de Desenvolvimiento Internacional |a ASDI | ||
| 999 | |c 11650 |d 11650 | ||



